Statistics for Kevin De Bruyne's 101 EPL Assists

Click here to take the quiz!

General Stats

  • This quiz has been taken 98 times
  • The average score is 19 of 27

Answer Stats

Assists ProvidedAgainst% Correct
4Manchester United
100%
1Chelsea
96%
5Aston Villa
95%
3Arsenal
94%
6Liverpool
94%
2Tottenham Hotspur
94%
4Leicester City
84%
7Newcastle United
84%
3Everton
83%
6West Ham United
83%
5Wolverhampton Wanderers
82%
3Brighton & Hove Albion
76%
7Crystal Palace
76%
11Southampton
75%
3Burnley
73%
1Brentford
69%
4Bournemouth
66%
2Fulham
66%
2Norwich City
60%
3Sheffield United
53%
3West Bromwich Albion
51%
9Watford
49%
2Sunderland
46%
3Stoke City
42%
1Hull City
37%
2Swansea City
37%
1Middlesbrough
19%

Score Distribution

Percentile by Number Answered

Percent of People with Each Score

Your Score History

You have not taken this quiz